| 000 | 01341cam a2200325 i 4500 | ||
|---|---|---|---|
| 999 |
_c2454 _d2454 |
||
| 001 | (Sirsi) a1132133 | ||
| 003 | OSt | ||
| 005 | 20230602093638.0 | ||
| 008 | 190624s2010 enka b 000 1 eng d | ||
| 020 |
_a9780007382200 _q(paperback) : |
||
| 040 |
_aCHA _beng _cTAE _erda _dKH8 |
||
| 042 | _anbic | ||
| 082 | 0 | _a823.914 BRO | |
| 100 | 1 |
_aBrowne, Anthony, _d1946- _eauthor, _eillustrator. |
|
| 245 | 1 | 0 |
_aBear's magic pencil / _cAnthony Browne and friends. |
| 264 | 1 |
_aLondon : _bHarperCollins Children's Books, _c2010. |
|
| 300 |
_a30 unnumbered pages : _bcolor illustrations ; _c28 cm. |
||
| 336 |
_atext _btxt _2rdacontent. |
||
| 336 |
_astill image _bsti _2rdacontent. |
||
| 337 |
_aunmediated _bn _2rdamedia. |
||
| 338 |
_avolume _bnc _2rdacarrier. |
||
| 500 | _aA story created by the British Children's Laureate and the winners of the competition in The Sun. "Bear has a magic pencil --whatever he draws becomes real!" | ||
| 520 | _a"Bear was walking in the forest. Suddenly..." What happens next? Winners of the children's competition featured in The Sun decide. | ||
| 521 | 1 | _aAges 4-8. | |
| 650 | 0 |
_aBears _vPictorial works _vJuvenile fiction. |
|
| 650 | 0 |
_aEndangered species _vPictorial works _vJuvenile fiction. |
|
| 650 | 0 |
_aDrawing _vPictorial works _vJuvenile fiction. |
|
| 650 | 0 | _aChildren's stories. | |
| 942 |
_2ddc _cFIC |
||